000 00597nam a22001937a 4500
999 _c8781
_d8781
003 GBCCL
005 20241126110658.0
008 211011b ||||| |||| 00| 0 eng d
020 _a9789354374555
040 _cgbc
082 _a010.44
_bPAI
240 _aBibliography of Paite/Tedim printed books and periodicals
245 _aPaite/Tedim pau a laibu neihzah suina:
_bBibliography /
_ccompiled and edited by Tualchin Neihsial
250 _aRevised and updated
260 _aHiangtam Lamka:
_bPLS,
_c2020
300 _a191p.;
650 _aBibliography
_vPaite
_xTedim
_915443
942 _2ddc
_cBK